000 00660pam a2200241 a 4500
001 4297836
003 SISC
005 20160302085843.0
008 861007s1987 nyu 000 1 eng
010 _a 86026213
020 _a0312001118 :
_c$12.95 (est.)
040 _aDLC
_cDLC
_dDLC
050 0 0 _aPR 6057.I574
_b.G478 1987
082 0 0 _aHS 823.914
_bG41 1987
100 1 _aGillespie, Jane
_d1923-
_912864
245 1 0 _aBrightsea /
_cJane Gillespie.
250 _a1st ed.
260 _aNew York :
_bSt. Martin's Press,
_cc1987.
300 _a160 p. :
_c22 cm.
906 _a7
_bcbc
_corignew
_d1
_eocip
_f19
_gy-gencatlg
942 _2lcc
_cBK
999 _c9223
_d9223